00562nam a2200169 4500001000700000003000900007007000300016008004100019100002000060245006000080260007300140300003000213490003100243710005500274830003100329852003200360136820ES-MaACLt|070214s1984 ja r ||||1| eng d1 aSakamoto, Taro.14aThe Japanese Emperor through history / cTaro Sakamoto. aTokyo : bInternacional Society for Educational Information, c1984. a112 p. : bil. ; c26 cm.1 aUnderstanding Japan ; v472 aInternacional Society for Educational Information.0 aUnderstanding Japan ; v47 aES-MaACLjL-7574 bR.108092